00445nam a22001457a 4500020001800000082001800018100002300036245002200059260003800081300000800119650001500127942000700142952013300149999001700282 a1788171101368 a294.59214 ARY aArya, Ravi Prakash aYajurveda Samhita aDelhibParimal Publicationsc2013 a524 aYajurveda  cBK 00104070aHMIbHMId2016-03-09ekohinoor Book pub.g500.00l5m2o294.59214 ARYp25046r2022-05-12s2022-04-25w2026-01-16yBK c19967d19967